The Black feminist coup : Black women's lived experiences in White supremacist feminist academic spaces /

The Black Feminist Coup: Black Women's Lived Experiences in White Supremacist Feminist Academic Spaces is a collective narrative of how three Black women faculty at a large Midwestern PWI, and two of their former students and allies build alliances to collaboratively disrupt white supremacist f...

Full description

Bibliographic Details
Main Authors: Richardson, Jennifer L., 1980- (Author), Grace, Keiondra (Author), Konaté, Mariam (Author), McLaughlin, Olivia Marie (Author), Perryman-Clark, Staci M. (Author)
Format: Book
Language:English
Published: New York : Peter Lang, [2024].
Series:Equity in higher education theory, policy, & praxis ; v. 19.
Subjects:

MARC

Tag First Indicator Second Indicator Subfields
LEADER 00000cam a2200000 i 4500
001 in00004792197
003 OCoLC
008 231204t20242024nyu b 001 0 eng
005 20250816185311.2
010 |a  2023051283 
020 |a 1636677061  |q paperback 
020 |a 1636677681  |q hardcover 
020 |a 9781636677064  |q paperback 
020 |a 9781636677682  |q hardcover 
020 |z 9781636677699  |q electronic book 
020 |z 9781636677705  |q electronic book 
035 |a (OCoLC)1411840285 
040 |a DLC  |e rda  |c DLC 
043 |a n-us--- 
050 4 |a LB2332.32  |b .R53 2024 
050 0 0 |a LB2332.32  |b .B529 2024 
082 0 0 |a 378.1/208996073  |2 23/eng/20231204 
100 1 |a Richardson, Jennifer L.,  |d 1980-  |e author. 
245 1 4 |a The Black feminist coup :  |b Black women's lived experiences in White supremacist feminist academic spaces /  |c Jennifer L. Richardson, Mariam Konaté, Staci Perryman-Clark, Olivia Marie McLaughlin, and Keiondra Grace. 
264 1 |a New York :  |b Peter Lang,  |c [2024]. 
264 4 |c ©2024. 
300 |a x, 166 pages ;  |c 23 cm. 
336 |a text  |b txt  |2 rdacontent 
337 |a unmediated  |b n  |2 rdamedia 
338 |a volume  |b nc  |2 rdacarrier 
490 1 |a Equity in higher education theory, policy, & praxis ;  |v vol. 19 
504 |a Includes bibliographical references (pages [149]-160) and index. 
520 |a The Black Feminist Coup: Black Women's Lived Experiences in White Supremacist Feminist Academic Spaces is a collective narrative of how three Black women faculty at a large Midwestern PWI, and two of their former students and allies build alliances to collaboratively disrupt white supremacist feminist spaces. Themes of what it means to be a fugitive, free and feminist inform how we envision the future of Black women's labor in the academy. More specifically, this project explores intersecting narratives of how three Black women faculty fled a racist and microaggressive gender and women's studies department, following the start of the COVID 19 pandemic and the 2020 summer of racial unrest, and moved to an institute that houses African American and African studies. Their stories of misogynoir reflect a brutal irony that GWS departments expect Black women to further all women's interests while impeding Black women's own ability to thrive. This work demands that institutions bear responsibility in providing Black women with an environment to thrive and dream of new possibilities and opportunities to develop curricula and initiatives that center Black lives with priority. Bridging at the intersections of feminism, Black Studies and higher education, this project surveys concepts of survival, trauma, pain and healing to offer future possibilities for dismantling and challenging systems of white supremacy in the academy. 
650 0 |a African American feminists. 
650 0 |a African American women college teachers. 
650 0 |a African American women in higher education. 
650 0 |a African American women  |x Study and teaching (Higher) 
650 0 |a Feminism and education  |z United States. 
650 0 |a Feminism  |x Study and teaching (Higher)  |z United States. 
650 0 |a Women's studies  |z United States. 
700 1 |a Grace, Keiondra,  |e author. 
700 1 |a Konaté, Mariam,  |e author. 
700 1 |a McLaughlin, Olivia Marie,  |e author. 
700 1 |a Perryman-Clark, Staci M.,  |e author. 
830 0 |a Equity in higher education theory, policy, & praxis ;  |v v. 19. 
945 |b 87651 
947 |a A14852491571 
948 |a dmitchel 6/10/24 2.50.40 
999 f f |i 101f9ad2-9484-4eab-b5df-71822b8456d4  |s 6d0c6c10-f6c9-4a4c-90d0-34c61fc38314  |t 0 
952 f f |p normal  |a Texas A&M University  |b College Station  |c Sterling C. Evans Library  |d Evans: Library Stacks  |t 0  |e LB2332.32 .B529 2024  |h Library of Congress classification  |i unmediated -- volume  |m A14852491571 
998 f f |a LB2332.32 .B529 2024  |t 0  |l Evans: Library Stacks